000 00386 a2200145 4500
001 177700
020 _a
040 _cMagnum
100 _aMiguel, Emilio Sanchez
240 1 0 _aCompreensao e redacao de textos: dificuldades e ajudas
_lpor
245 1 0 _aCompreensao e redacao de textos: dificuldades e ajudas
362 0 _a1899
697 _aMAGNITO: PRODUCAO DE TEXTO
942 _cBK
999 _c177700
_d177700